| 000 | 00605nam a22002297a 4500 | ||
|---|---|---|---|
| 003 | UA-OsUOA | ||
| 001 | 95528 | ||
| 007 | ta | ||
| 008 | 20130304b un ||||| |||| 00| 0 ukr d | ||
| 100 | _aКоваль В. | ||
| 090 |
_a94(100)"1939 - 1945" _bК56 |
||
| 942 | _cBK | ||
| 040 |
_aUA-OsUOA _brus _cUA-OsUOA _dUA-OsUOA |
||
| 245 | _aПравда о заговоре против Гитлера 20 июля 1944 г. | ||
| 300 | _a98 с. | ||
| 955 | _a1 | ||
| 041 | _arus | ||
| 080 | _a94(100)"1939 - 1945" | ||
| 260 |
_aК. _bАН УССР _c1960 |
||
| 650 | 7 | _2UDC | |
| 999 |
_c381752 _d381752 |
||